[Event "Vidnoe-ch 32nd sf"]
[Site "Vidnoe"]
[Date "2010.09.12"]
[Round "10"]
[White "Lesnjak, Vladimir"]
[Black "Dukaev, Edgar"]
[Result "1-0"]
[WhiteElo "1792"]
[BlackElo "2096"]
[PlyCount "27"]
[EventDate "2010.09.12"]
[EventType "swiss"]
[EventRounds "10"]
[EventCountry "RUS"]
[SourceTitle "EXT 2022"]
[Source "ChessBase"]
[SourceDate "2021.10.06"]
[SourceVersion "1"]
[SourceVersionDate "2021.10.06"]
[SourceQuality "1"]

1. e4 c5 2. Nf3 d6 3. d4 cxd4 4. Nxd4 Nc6 5. Nc3 Nf6 6. Be2 e6 7. 0-0 Be7 8. f4 Qb6 9. Be3 Qxb2 10. Ndb5 a6 11. Rb1 Qxb1 12. Qxb1 axb5 13. Nxb5 0-0 14. Bf3 1-0